Statistics for Countries that hate Russia

Click here to take the quiz!

General Stats

  • This quiz has been taken 134 times
  • The average score is 21 of 36

Answer Stats

HintAnswer% Correct
Friend whit Russias enemyUnited kingdom
97%
Bad history whit RussiaUnited states of america
97%
War whit RussiaUkraine
91%
Long bad history whit RussiaGermany
86%
Long bad history whit RussiaPoland
83%
Long bad history
Whit Russia
Finland
81%
Bad history whit RussiaFrance
81%
Bad history whit Russia
And is friend whit Russias enemy
Canada
78%
Tried to be neutral
But couldnt because
Of Russia
Sweden
76%
Otherwise neutral but in NATO
Because of Russia
Norway
74%
Friends whit Russias enemySpain
74%
Long bad history whit RussiaEstonia
73%
Long bad history whit RussiaLatvia
72%
Long bad history whit RussiaLithuania
72%
Bad history whit RussiaItaly
68%
Friends whit Russias enemyPortugal
65%
Bad relations whit Serbia,
So they hate Russia too
Romania
63%
Friends whit Russias enemy
And Russia supports their main enemy
Australia
61%
Russia extort this country ConstantlyNetherlands
61%
Russia Extort this country
Constantly
Belgium
60%
Long bad history whit RussiaAustria
58%
Friend whit Russias enemyIreland
58%
Bad history whit Russia, but
Also Turkey
Bulgaria
56%
Russia is believed trying to make
Civil war on this country
Georgia
55%
Long bad history whit RussiaCzech Republic
54%
Bad relations whit Serbia,
So they hate Russia too
Kosovo
54%
Supports their main enemy
Ans other enemies
Israel
53%
Bad relations whit Serbia,
So they hate Russia too
Albania
51%
Friends whit Russias enemyNew Zealand
49%
Friend whit Russias enemyIceland
46%
Supports their main enemyTaiwan
33%
Supports their main enemyAfghanistan
29%
Friend whit Russias enemyMalta
22%
Friend whit Russias enemySan Marino
12%
Supports their main enemy
(NOT DIRECTLY A COUNTRY)
Hong Kong
5%
Friend whit Russias enemyNauru
1%

Score Distribution

Percentile by Number Answered

Percent of People with Each Score

Your Score History

You have not taken this quiz